000 00290 a2200121 4500
003 Nust
005 20170207154601.0
040 _cNust
082 _a025.34
245 _aFollow Me : Units : 31-38, side 1: units: 39-45, side 2
505 _aAlmirah No.73 shelf No.6
650 _aEnglish learning
651 _aFollow Me
999 _c198599
_d198599